Statistics for Musical Theatre Trivia

Click here to take the quiz!

General Stats

  • This quiz has been taken 328 times
  • The average score is 8 of 15

Answer Stats

HintAnswer% Correct
Number of time you have to say Beetlejuice's name3
93%
Family that 'The Sound of Music' is centered aroundVon Trapp
73%
Musical that features characters such as Warner, Paulette, and VivianLegally Blonde
68%
Musical that is a modern take on Romeo and JulietWest Side Story
64%
Tracy Turndblad's best friendPenny
61%
Where Michael is (Be More Chill)The Bathroom
58%
Musical that has songs "Forever" and "Freak Flag"Shrek
57%
Christine's love interest in 'Phantom of the Opera'Raoul
48%
Musical that has songs 'Lets hear it for the boy' and 'Holding out for a hero'Footloose
46%
Character who sings 'When He Sees Me' in 'Waitress'Dawn
44%
Jersey Boys is about the 60's musical group Frankie Valli and the ___Four Seasons
44%
Actor who played Enjolras in the movie adaption of 'Les Miserables'Aaron Tveit
41%
the name of Donna's band (Mamma Mia)Donna and the Dynamos
41%
The name of Evan's mom (Dear Evan Hansen)Heidi
33%
Actress who originated the role of Ariel in The Little Mermaid on broadywaSierra Boggess
28%

Score Distribution

Percentile by Number Answered

Percent of People with Each Score

Your Score History

You have not taken this quiz